000 00595nam a22001817a 4500
005 20251108164254.0
008 250721s1991 xx 000 0 ara d
082 1 4 _a329.9565/عيا
100 1 _aعياد، رناد الخطيب
245 1 0 _aالتيارات السياسية في الأردن و نص الميثاق الوطني الأردني /
264 1 _aعمان :
_bللمؤلفة،
_c1991.
300 _a200ص.
650 1 7 _aالأحزاب السياسية
650 1 7 _aالأردن
650 1 7 _aالميثاق الوطني الأردني
942 _2ddc
_cBK
999 _c8014
_d8014